Visualizzazione normale
Vista MARC
- Meakin D.
di Personal Name
Records bibliografici associati: 1
001 - CONTROL NUMBER
- control field: 2023
003 - CONTROL NUMBER IDENTIFIER
- control field: IT-RoPau
005 - DATE AND TIME OF LATEST TRANSACTION
- control field: 20131114163703.0
008 - FIXED-LENGTH DATA ELEMENTS
- fixed length control field: 131114|| aca||aabn | a|a d
040 ## - CATALOGING SOURCE
- Original cataloging agency: IT-RoPau
- Transcribing agency: IT-RoPau
100 ## - HEADING--PERSONAL NAME
- Personal name: Meakin D.
- Dates associated with a name: Codice autore testo/musica SPICS: 23149
- Relator term: Autore testo/musica
- Name of part/section of a work: Arabian Nights
670 ## - SOURCE DATA FOUND
- Source citation: Work cat.: (IT-RoPau)99933: AA.VV. 794, Disco Mix (disco promozionale)